Impact of environmental standards on world capital market: a two-period global equilibrium framework (Record no. 78919)

000 -LEADER
fixed length control field 00485pab a2200169 454500
008 - FIXED-LENGTH DATA ELEMENTS--GENERAL INFORMATION
fixed length control field 180718b2007 xxu||||| |||| 00| 0 eng d
100 ## - MAIN ENTRY--PERSONAL NAME
Personal name Chatterjee, Biswajit
245 ## - TITLE STATEMENT
Title Impact of environmental standards on world capital market: a two-period global equilibrium framework
260 ## - PUBLICATION, DISTRIBUTION, ETC.
Date of publication, distribution, etc. 2007
300 ## - PHYSICAL DESCRIPTION
Extent p.172-81.
362 ## - DATES OF PUBLICATION AND/OR SEQUENTIAL DESIGNATION
Dates of publication and/or sequential designation Jan-Mar
650 ## - SUBJECT ADDED ENTRY--TOPICAL TERM
Topical term or geographic name entry element Financial markets
700 ## - ADDED ENTRY--PERSONAL NAME
Personal name Sinha Ray, Rupamanjari
773 ## - HOST ITEM ENTRY
Main entry heading Indian Economic Journal
908 ## - PUT COMMAND PARAMETER (RLIN)
Put command parameter N
909 ## -
-- 78919
Holdings
Withdrawn status Lost status Damaged status Not for loan Permanent Location Current Location Date acquired Serial Enumeration / chronology Barcode Date last seen Price effective from Koha item type
        Indian Institute of Public Administration Indian Institute of Public Administration 2018-07-19 Volume no: 54, Issue no: 4 AR79379 2018-07-19 2018-07-19 Articles

Powered by Koha